MARC

Tag First Indicator Second Indicator Subfields
LEADER 00000nam a2200000 4500
001 in00004189421
005 20200806082319.0
006 m g d
007 cr bn |||a|bb|
008 980602s1694 enk o o00 eng d
035 |a (UnM)99887868 
037 |a CL2105000001  |b ProQuest Information and Learning. 300 N. Zeeb Rd., Ann Arbor, MI 48106 
040 |a Cu-RivES  |c Cu-RivES  |e dcrb 
110 1 |a England and Wales.  |b Sovereign (1689-1694 : William and Mary) 
245 1 0 |a By the King and Queen, a proclamation, for a general fast.. 
246 2 |a Proclamation, for a general fast. 
260 |a London :  |b printed by Charles Bill, and the executrix of Thomas Newcomb; printers to the King and Queens most excellent Majesties,  |c 1694. 
300 |a 1 online resource (1 sheet ([1] pages). 
336 |a text  |b txt  |2 rdacontent 
337 |a computer  |b c  |2 rdamedia 
338 |a online resource  |b cr  |2 rdacarrier 
500 |a "Given at our court at Whitehall the tenth day of May, 1694. In the sixth year of our reign.". 
500 |a Steele notation: Arms 115 continued land upon. 
500 |a Reproduction of original in the British Library. 
510 4 |a Wing (CD-ROM, 1996)  |c W2576 
510 4 |a Steele  |c I, 4135 
510 4 |a Early English books tract supplement interim guide  |c 21.h.3[155] 
533 |a Electronic reproduction.  |b Ann Arbor, Mich. :  |c UMI,  |d 1999-  |f (Early English books online)  |n Digital version of: (Early English books; Tract supplement C24:1[155])  |7 s1999 miun s 
650 0 |a Fasts and feasts  |z England  |v Early works to 1800. 
651 0 |a Great Britain  |x History  |y William and Mary, 1689-1702  |v Early works to 1800. 
700 0 |a Mary  |b II,  |c Queen of England,  |d 1662-1694. 
700 0 |a William  |b III,  |c King of England,  |d 1650-1702. 
830 0 |a Early English books online. 
856 4 0 |u http://proxy.library.tamu.edu/login?url=https://search.proquest.com/docview/2240899810  |z Connect to the full text of this electronic book  |t 0 
999 f f |s 916ad20d-639e-3611-8162-da33deb977f3  |i c7fd452c-2bcb-39a4-86a4-6eb9c288438b  |t 0 
952 f f |a Texas A&M University  |b College Station  |c Electronic Resources  |d Available Online  |t 0  |h No information provided 
998 f f |t 0  |l Available Online